Statistics for Fresh Prince of Bel-Air Lyrics Quiz

Click here to take the quiz!

General Stats

  • This quiz has been taken 423,597 times
  • The average score is 17 of 20

Answer Stats

Lyric % Correct
My life got flipped, turned {upside} {down}
98%
I'll tell you how I became the prince of
a {town} called Bel Air
97%
When a couple of guys, who were up to {no} {good}
96%
She said "You're movin' with your auntie and
uncle in {Bel} {Air}"
96%
started making {trouble} in my neighborhood
95%
I whistled for a {cab} and when it came near
94%
And I'd like to take a {minute}, just sit right there
94%
In {West} Philadelphia born and raised
94%
Now, this is a story all {about} {how}
93%
On the {playground} was where I
spent most of my days
90%
and all shootin' some b-ball outside of the {school}
89%
and I yelled to the cabbie "Yo homes {smell} ya later"
87%
I got in {one} {little} {fight} and my mom got scared
87%
to sit on my {throne} as the Prince of Bel Air
87%
I pulled up to the {house} about 7 or 8
86%
Chillin' out maxin' relaxin' all {cool}
86%
the license plate said {fresh} and it
had dice in the mirror
79%
I looked at my {kingdom}, I was finally there
72%
If anything I could say that this cab was {rare}
65%
But I thought "Naw {forget} {it} - yo home to Bel Air"
63%

Score Distribution

Percentile by Number Answered

Percent of People with Each Score

Your Score History

You have not taken this quiz